Winners are driven : a champion’s guide to success in business & life
This book depicts the life of Bobby Unser from his humble beginnings in the heartland to his many accomplishments. It spells out the philosophy of the great American spirit, the driving force of professional sports, and the necessity of having the presence of outstanding leaders and human beings thr...
Na minha lista:
| Autor principal: | |
|---|---|
| Formato: | Livro |
| Idioma: | Undetermined |
| Publicado em: |
Hoboken, N.J.
J. Wiley
2003
|
| Assuntos: | |
| Tags: |
Adicionar Tag
Sem tags, seja o primeiro a adicionar uma tag!
|
| Thư viện lưu trữ: | Trung tâm Học liệu Trường Đại học Cần Thơ |
|---|
| LEADER | 00943nam a2200217Ia 4500 | ||
|---|---|---|---|
| 001 | CTU_157306 | ||
| 008 | 210402s9999 xx 000 0 und d | ||
| 020 | |c 24.95 | ||
| 082 | |a 650.1 | ||
| 082 | |b U59 | ||
| 100 | |a Unser, Bobby | ||
| 245 | 0 | |a Winners are driven : | |
| 245 | 2 | |b a champion’s guide to success in business & life | |
| 245 | 0 | |c Bobby Unser with Paul Pease | |
| 260 | |a Hoboken, N.J. | ||
| 260 | |b J. Wiley | ||
| 260 | |c 2003 | ||
| 520 | |a This book depicts the life of Bobby Unser from his humble beginnings in the heartland to his many accomplishments. It spells out the philosophy of the great American spirit, the driving force of professional sports, and the necessity of having the presence of outstanding leaders and human beings throughout the world today | ||
| 650 | |a Success in business,Success,Thành công trong kinh doanh | ||
| 904 | |i Nguyên | ||
| 980 | |a Trung tâm Học liệu Trường Đại học Cần Thơ | ||